00438 2200169 4500001002100000008004100021035002000062245004200082100001900124260002800143300002300171020002200194084001400216082000800230650001500238990001500253INLIS000000000003317 ind  a0010-1225000138 aI'M Future Zoologist !cManisha Nayak aNayak, Manisha aJakartabGramediac2024 a56 hlmc15 x 23 cm a978-602-06-7814-6 a590 MAN i a590 aIlmu Murni a19828/B/26